00270 a2200073 4500245015500000100002100155260000900176300001100185 aHomones and Cell Regulation=Homones et régulation cellulaire. 3.: Proceedings of the 13th INSERM European, held at Mont Sainte-Odile, septembre 1988 aINSERM Symposium c1988 a151 p.